000
00242nam a2200097Ia 4500
001
782874
005
20250826170212.0
008
250824s9999 xx 000 0 und d
245
0
_a
BANA DELİ DERLERDİ
_c
JOHN MONAHAN
260
_b
PANAMA YAYINLARI
999
_c
782874
_d
782874